000 00999nam a2200253Ia 4500
999 _c5712
_d5712
003 OSt
005 20200326125420.0
008 191128s1991 ck a fr 000 0 spa d
020 _a9586520471
040 _aCO-JMCR
_cCO-JMCR
041 0 _aspa
082 0 4 _a320.1 /
_bL157e
_221
100 1 _aLadron de Guevara C., Laureano,
_eautor
_91947
245 1 0 _aEstado, administración pública y desarrollo /
_cLaureano Ladron de Guevara C.
260 _aBogotá :
_bESAP,
_c1991
300 _a154 páginas :
_bilustraciones en blanco y negro ;
_c24 cm.
490 0 _aDocumentos ESAP
504 _aBibliografía: páginas
505 0 _aApuntes sobre el comportamiento del estado -- Administración pública y desarrollo -- Economía y desarrollo -- Estrategias y políticas en la planeación
650 1 4 _aEstado
_xpolítica de desarrollo
_xpolítica económica
_91948
650 1 4 _aCondiciones económicas
_zColombia
_91949
650 1 4 _aAdministración pública
_zColombia
_91950
942 _2ddc
_cBK